Pedagogical sketchbook / (Record no. 21839)
[ view plain ]
| 000 -CABECERA | |
|---|---|
| campo de control de longitud fija | 00961nam a2200289 4500 |
| 003 - IDENTIFICADOR DEL NÚMERO DE CONTROL | |
| campo de control | OSt |
| 005 - FECHA Y HORA DE LA ÚLTIMA TRANSACCIÓN | |
| campo de control | 20260601193851.0 |
| 008 - DATOS DE LONGITUD FIJA--INFORMACIÓN GENERAL | |
| campo de control de longitud fija | 260508b1925 enk||||| |||| 00| 0 eng d |
| 040 ## - FUENTE DE LA CATALOGACIÓN | |
| Centro catalogador/agencia de origen | ICI |
| Lengua de catalogación | SPA |
| Centro/agencia transcriptor | ICI |
| 050 ## - SIGNATURA TOPOGRÁFICA DE LA BIBLIOTECA DEL CONGRESO | |
| Número de clasificación | NC703 |
| Número de documento/Ítem | K5413 |
| 100 #1 - ENTRADA PRINCIPAL--NOMBRE DE PERSONA | |
| Nombre de persona | Klee, Paul, |
| Fechas asociadas al nombre | 1879-1940, |
| Término indicativo de función/relación | autor, artista |
| 9 (RLIN) | 23012 |
| 240 ## - TÍTULO UNIFORME | |
| Título uniforme | Padagogisches Skizzenbuch. |
| Lenguaje de la obra | Inglés |
| 245 #1 - MENCIÓN DE TÍTULO | |
| Título | Pedagogical sketchbook / |
| Mención de responsabilidad, etc. | Paul Klee ; introduction and translation by Sibyl Moholy-Nagy |
| 264 ## - PRODUCCIÓN, PUBLICACIÓN, DISTRIBUCIÓN, FABRICACIÓN Y COPYRIGHT | |
| Producción, publicación, distribución, fabricación y copyright | London : |
| Nombre del de productor, editor, distribuidor, fabricante | Faber and Faber, |
| Fecha de producción, publicación, distribución, fabricación o copyright | 1968 |
| 300 ## - DESCRIPCIÓN FÍSICA | |
| Extensión | 64 páginas |
| Otras características físicas | ilustraciones |
| 336 ## - TIPO DE CONTENIDO | |
| Término de tipo de contenido | texto |
| Fuente | rdacontent |
| 337 ## - TIPO DE MEDIO | |
| Nombre/término del tipo de medio | sin medio |
| Fuente | rdamedia |
| 338 ## - TIPO DE SOPORTE | |
| Nombre/término del tipo de soporte | volumen |
| Fuente | rdacarrier |
| 490 ## - MENCIÓN DE SERIE | |
| Mención de serie | Bauhaus books ; |
| Designación de volumen o secuencia | 2 |
| 600 #1 - PUNTO DE ACCESO ADICIONAL DE MATERIA--NOMBRE DE PERSONA | |
| Nombre de persona | Klee, Paul, |
| Fechas asociadas al nombre | 1879-1940 |
| 9 (RLIN) | 23012 |
| 650 #4 - PUNTO DE ACCESO ADICIONAL DE MATERIA--TÉRMINO DE MATERIA | |
| Término de materia o nombre geográfico como elemento de entrada | Composición (Arte) |
| 650 #4 - PUNTO DE ACCESO ADICIONAL DE MATERIA--TÉRMINO DE MATERIA | |
| Término de materia o nombre geográfico como elemento de entrada | Diseño |
| 650 #4 - PUNTO DE ACCESO ADICIONAL DE MATERIA--TÉRMINO DE MATERIA | |
| Término de materia o nombre geográfico como elemento de entrada | Diseño industrial |
| 700 #1 - PUNTO DE ACCESO ADICIONAL--NOMBRE DE PERSONA | |
| Nombre de persona | Klee, Paul, |
| Fechas asociadas al nombre | 1879-1940. |
| 9 (RLIN) | 23012 |
| 700 #1 - PUNTO DE ACCESO ADICIONAL--NOMBRE DE PERSONA | |
| Nombre de persona | Moholy-Nagy, Sibyl, |
| Fechas asociadas al nombre | 1905- , |
| Término indicativo de función/relación | prologuista, traductor |
| 9 (RLIN) | 32234 |
| 942 ## - ELEMENTOS DE PUNTO DE ACCESO ADICIONAL (KOHA) | |
| Fuente del sistema de clasificación o colocación | Library of Congress Classification |
| Tipo de ítem Koha | Libros |
| Suprimir en OPAC | 1 |
| Estado de retiro | Estado de pérdida | Fuente del sistema de clasificación o colocación | Estado dañado | No para préstamo | Localización permanente | Ubicación/localización actual | Fecha de adquisición | Total de préstamos | Signatura topográfica completa | Código de barras | Fecha visto por última vez | Número de copia | Precio válido a partir de | Tipo de ítem Koha |
|---|---|---|---|---|---|---|---|---|---|---|---|---|---|---|
| El ejemplar forma parte de la colección y puede ser consultado según las políticas vigentes. | Library of Congress Classification | Biblioteca de Diseño Museo Franz Mayer | Biblioteca de Diseño Museo Franz Mayer | 08/05/2026 | NC703 K5413 | BDIMFM000845 | 08/05/2026 | Ej.1 | 08/05/2026 | Libros |